LEADER 01696nam a2200325 a 4500 001 000000127902 003 CaOOAMICUS 005 20120307120045.0 008 120307s2010 it a u000 u ita r 020 $a978-88-6259-315-1 040 $aPUL$bita 082 04$a271.8 111 2 $aConvegno di studi lanziani $n (4 : $d 2009 :$c Corridonia).$0(OLS)http://pul/name/81671 245 12$aL'abate Luigi Antonio Lanzi tra filologia classica e letteratura religiosa :$batti del IV convegno di studi lanziani, Corridonia (MC), Teatro "Giovan Battista Velluti", 14 novembre 2009 /$ca cura di Fabrizio Capanni e Anna Santucci. 260 $aMacerata :$bSimple,$c2010. 300 $a240 p., [23] c. di tav. :$bill. ;$c24 cm. 490 1 $aLuigi Lanzi 2010 ;$v4 504 $aBibliografia in nota. 650 4$aLanzi, Luigi Antonio,$vs.j.,$d1732-1810.$0(OLS)http://pul/subject/38529 700 1 $aCapanni, Fabrizio.$0(OLS)http://pul/name/80670 700 1 $aSantucci, Anna.$0(OLS)http://pul/name/81672 830 0$aLuigi Lanzi 2010 ;$v4.$0(OLS)http://pul/title/161637 850 $aPUL 852 $aPUL$W1$xDP2 Religione 3$y114$m271. 8 LANAN 1$j148043$qDDC 21$B146640$CPULBib$Z2$F146640 $H119016 $82 941 1 $a9 996 $6020$a978-88-6259-315-1$9(OLS)http://pul/number/149088 996 $6082$a271.8$9(OLS)http://pul/classification/1768 996 $6245$aL'abate Luigi Antonio Lanzi tra filologia classica e letteratura religiosa :$batti del IV convegno di studi lanziani, Corridonia (MC), Teatro "Giovan Battista Velluti", 14 novembre 2009$9(OLS)http://pul/title/161636 996 $6260$aMacerata :$bSimple$9(OLS)http://pul/publisher/81926 LEADER 01467nam a2200265 a 4500 001 000000110650 003 CaOOAMICUS 005 20080313150959.0 008 080313s1982 vc ad 100 u eng d 040 $aPUL$bita$dLDB 245 00$aAstrophysical cosmology :$bproceedings of the study week on cosmology and fundamental physics September 28 - October 2, 1981 /$cedited by H.A. Brück, G.V. Coyne and M.S. Longair. 260 $aCittà del Vaticano :$bPontificia Academia Scientiarum,$c1982. 300 $axxxv, 600 p. :$bill., diagr. ;$c24 cm. 490 1 $aPontificiae Academiae Scientiarum scripta varia ;$v048 504 $aContiene riferimenti bibliografici 650 14$aCosmologia$xCongressi.$0(OLS)http://pul/subject/34201 700 1 $aCoyne, George V.,$cS.I,$d1933-$0(OLS)http://pul/name/14752 700 1 $aLongair, Malcolm.$0(OLS)http://pul/name/43654 700 1 $aBrück, H.A.$0(OLS)http://pul/name/67834 830 0$aPontificiae Academiae Scientiarum scripta varia ;$v048.$0(OLS)http://pul/title/1450 850 $aPUL 852 $aPUL$W1$xDP1 Filosofia 1$y19$m749 I 27$j126765$qStampati$B125490$CPULBib$Z2$F125490 $H67470 $82 941 1 $a8 996 $6245$aAstrophysical cosmology :$bproceedings of the study week on cosmology and fundamental physics September 28 - October 2, 1981$9(OLS)http://pul/title/139149 996 $6260$aCittà del Vaticano :$bPontificia Academia Scientiarum$9(OLS)http://pul/publisher/73770